000 00762nam a2200229 a 4500
001 000003374
005 20240412074201.0
008 090708s2006 dr r 000 p spa d
020 _a9945420135
020 _a9789945420135
040 _aDO-SdBNP
_bspa
_cBNPHU
082 _aRD861.44
_bM863a
100 1 _aMorlas Carela, Mártires,
_d1949-
_910540
245 1 0 _aAmor sin fronteras /
_cMártires Morlas Carela ; prólogo Robert Berroa.
260 _aSan Francisco de Macorís :
_bÁngeles de Fierro
_bNacional,
_c2006.
300 _a107 p. ;
_c18 cm.
590 _aInventariado, 2018/BT
650 0 _aPoesía dominicana
_966
650 0 _aLiteratura dominicana.
_967
700 1 _aBerroa, Robert,
_epról.
_910541
910 _aValidado control de calidad. MMOLINA
999 _c3204
_d3204